Países aleatorios de Oceanía secuencialmente en un mapa - Estadísticas

Estadísticas generales
  • Esta prueba ha sido intentada 102 veces
  • La puntuación promedio es 11 de 14
Respuestas en el mapa
Las respuestas están codificadas por una escala verde-roja en el mapa de la prueba según el % correcto abajo.
 
Estadísticas de respuestas
Country % Correcto
Estados Federados de Micronesia
91%
Australia
88%
Nueva Zelanda
88%
Islas Salomon
84%
Kiribati
84%
Islas Marshall
81%
Palaos
81%
Papúa Nueva Guinea
81%
Tonga
81%
Fiyi
79%
Vanuatu
79%
Tuvalu
77%
Samoa
75%
Nauru
72%
No se encontraron pruebas coincidentes
Distribución de puntuación
Porcentaje de gente con cada puntuación
Porcentaje por número respondido
Historial de tus puntuaciones
No has intentado esta prueba.